Maailman valtioita omilla kielillään - Statistics

Yleistilastot
  • Tätä visaa on pelattu 21 kertaa
  • Keskiarvotulos 73 / 104
Vastaustilastot
% Oikein
Suid-Afrika Etelä-Afrikka (afrikaans)
100%
Mmuso wa Lesotho Lesotho (sotho)
100%
Kongeriket Norge Norja (norja bokmål)
100%
Rzeczpospolita Polska Puola (puola)
100%
Pule'anga Tonga Tonga (tonga)
100%
Tuvalu Tuvalu (tuvalu)
100%
Việt Nam Vietnam (vietnam)
100%
Nederland Alankomaat (hollanti)
95%
Principat d’Andorra Andorra (katalaani)
95%
Lefatshe la Botswana Botswana (tswana)
95%
Reino de España Espanja (espanja)
95%
Pilipinas Filippiinit (filipino)
95%
Republik Indonesia Indonesia (indonesia)
95%
Lýðveldið Ísland Islanti (islanti)
95%
Repubblica Italiana Italia (italia)
95%
Timor Lorosa'e Itä-Timor (tetum)
95%
Қазақстан Kazakstan (kazakki)
95%
Jamhuri ya Kenya Kenia (swahili)
95%
Ribaberiki Kiribati Kiribati (kiribati)
95%
Udzima wa Komori Komorit (komori)
95%
Latvijas Republika Latvia (latvia)
95%
Repoblikan'i Madagasikara Madagaskar (malagassi)
95%
Dziko la Malaŵi Malawi (njandza)
95%
Malaysia Malesia (malaiji)
95%
Repubblika ta' Malta Malta (malta)
95%
Republica Moldova Moldova (moldova)
95%
República Portuguesa Portugali (portugali)
95%
République française Ranska (ranska)
95%
România Romania (romania)
95%
Republika y'u Rwanda Ruanda (ruanda)
95%
Konungariket Sverige Ruotsi (ruotsi)
95%
Malo Sa‘oloto Tuto'atasi o Sāmoa Samoa (samoa)
95%
Slovenská republika Slovakia (slovakki)
95%
Republika Slovenija Slovenia (sloveeni)
95%
Suomen tasavalta Suomi (suomi)
95%
Kongeriget Danmark Tanska (tanska)
95%
Türkiye Cumhuriyeti Turkki (turkki)
95%
Türkmenistan Turkmenistan (turkmeeni)
95%
Ripablik blong Vanuatu Vanuatu (bislama)
95%
Status Civitatis Vaticanæ Vatikaanivaltio (latina)
95%
Eesti Vabariik Viro (viro)
95%
United Kingdom Yhdistynyt kuningaskunta (englanti)
95%
Azərbaycan Azerbaidžan (azeri)
89%
Lietuvos Respublika Liettua (liettua)
89%
Groussherzogdem Lëtzebuerg Luxemburg (luxemburg)
89%
Paraguay Retãn Paraguay (guarani)
89%
Северна Македонија Pohjois-Makedonia (makedonia)
89%
Bundesrepublik Deutschland Saksa (saksa)
89%
Jamhuuriyadda Soomaaliya Somalia (somali)
89%
Česká republika Tšekki (tšekki)
89%
Россия Venäjä (venäjä)
89%
Umbuso weSwatini Eswatini (swazi)
84%
Éire Irlanti (iiri)
84%
Papuaniugini Papua-Uusi-Guinea (tok-pisin)
84%
Україна Ukraina (ukraina)
84%
日本 Japani (japani)
79%
中国 Kiina (mandariinikiina)
79%
Hrvatska Kroatia (kroatia)
79%
Magyarország Unkari (unkari)
79%
Ελλάδα Kreikka (kreikka)
74%
Naoero Nauru (nauru)
74%
Confederaziun Svizra Sveitsi (retoromaani)
74%
Bosna i Hercegovina Bosnia ja Hertsegovina (bosnia)
68%
Uburundi Burundi (kirundi)
68%
Principatu de Múnegu Monaco (monegassi)
68%
Shqipëria Albania (albania)
63%
대한민국 Etelä-Korea (korea)
63%
Ayiti Haiti (haitin kreoli)
63%
Jumieka Jamaika (patwa)
63%
Кыргызстан Kirgisia (kirgiisi)
63%
Беларусь Valko-Venäjä (valkovenäjä)
63%
المملكة العربيّة السّعوديّة Saudi-Arabia (arabia)
58%
Ködörösêse tî Bêafrîka Keski-Afrikan tasavalta (sango)
53%
Монгол улс Mongolia (mongolia)
47%
Тоҷикистон Tadžikistan (tadžikki)
47%
Ўзбекистон Uzbekistan (uzbekki)
47%
България Bulgaria (bulgaria)
42%
ایران Iran (persia)
42%
Република Србија Serbia (serbia)
42%
Wuliwya Bolivia (aimara)
37%
عێراق Irak (kurdi)
37%
Beluu er a Belau Palau (palau)
37%
Հայաստան Armenia (armenia)
32%
भारत Intia (hindi)
32%
ישראל Israel (heprea)
32%
ສາທາລະນະລັດປະຊາທິປະໄຕ ປະຊາຊົນລາວ Laos (lao)
32%
Црна Гора Montenegro (montenegro)
32%
संघिय लोकतन्त्रिक गणतन्त्र नेपाल Nepal (nepal)
32%
Matanitu ko Viti Fidži ( fidži)
26%
საქართველო Georgia (georgia)
26%
ព្រះរាជាណាចក្រកម្ពុជា Kambodža (khmer)
26%
မြန်မာ Myanmar (burma)
26%
جَمْهُورْيَة إِسْلامِی پَاکِسْتَان Pakistan (urdu)
26%
Repiblik Sesel Seychellit (seychellin kreoli)
26%
বাংলাদেশ Bangladesh (bengali)
21%
ኢትዮጵያ Etiopia (amhara)
21%
ދިވެހިރާއްޖޭގެ ޖުމްހޫރިއްޔާ Malediivit (divehi)
21%
Piruw Suyu Peru (ketšua)
21%
ශ්‍රී ලංකා Sri Lanka (sinhali)
21%
འབྲུག་རྒྱལ་ཁབ་ Bhutan (dzonga)
16%
ሃግሬ ኤርትራ Eritrea (tigre)
16%
Aotearoa Uusi-Seelanti (maori)
16%
Aelōn̄ in M̧ajeļ Marshallinsaaret (marshalli)
11%
சிங்கப்பூர் Singapore (tamili)
11%
Ehtoja vastaavia visoja ei löytynyt
Tulosjakauma
Jokaisen tuloksen saaneiden osuus
Persentiili vastausten määrän mukaan
Tuloshistoriasi
Et ole pelannut tätä visaa